MARC

LEADER 00000nam0a2200000 4500
001 349142
005 20231102010156.0
035 |a (RuTPU)RU\TPU\retro\1164 
090 |a 349142 
100 |a 20180416d1979 m y0rusy50 ca 
101 0 |a rus 
102 |a RU 
105 |a a j 001zy 
200 1 |a Квантовая электродинамика  |e учебное пособие  |f Б. Д. Агапьев, В. В. Батыгин 
210 |a Ленинград  |c Изд-во ЛПИ  |d 1979 
215 |a 101 с.  |c ил. 
320 |a Библиогр.: с. 99-100 
606 1 |a Квантовая электродинамика  |2 stltpush  |3 (RuTPU)RU\TPU\subj\14225  |9 40680 
610 1 |a электромагнитное поле 
610 1 |a квантование 
610 1 |a нерелятивистские частицы 
610 1 |a заряженные частицы 
610 1 |a взаимодействие 
610 1 |a теория возмущений 
610 1 |a фотоны 
610 1 |a поглощение 
610 1 |a фотоэффекты 
610 1 |a рассеяние 
610 1 |a электромагнитные излучения 
610 1 |a спектральные линии 
610 1 |a формы 
610 1 |a учебные пособия 
675 |a 537.8:530.145(075.8)  |v 4 
700 1 |a Агапьев  |b Б. Д.  |g Борис Дмитриевич 
701 1 |a Батыгин  |b В. В.  |g Владимир Владимирович 
712 0 2 |a Ленинградский политехнический институт им. М. И. Калинина (ЛПИ)  |c (1924-1930, 1940-1990)  |2 stltpush  |3 (RuTPU)RU\TPU\col\2601 
801 1 |a RU  |b 63413507  |c 20180416 
801 2 |a RU  |b 63413507  |c 20180417  |g RCR 
942 |c BK